[Event "DEN-ch Seniors 50"]
[Site "Aalborg"]
[Date "2022.02.21"]
[Round "2"]
[White "Pilgaard, Erik"]
[Black "Harlund, David"]
[Result "1-0"]
[WhiteElo "1383"]
[BlackElo "1253"]
[PlyCount "23"]
[EventDate "2022.02.20"]
[EventType "swiss"]
[EventRounds "7"]
[EventCountry "DEN"]
[SourceTitle "EXT 2024"]
[Source "ChessBase"]
[SourceDate "2023.10.10"]
[SourceVersion "1"]
[SourceVersionDate "2023.10.10"]
[SourceQuality "1"]

1. e4 e5 2. Nf3 d6 3. Nc3 Nf6 4. Be2 Be7 5. d4 exd4 6. Nxd4 0-0 7. 0-0 Re8 8. Bf4 Bf8 9. Bf3 Bd7 10. e5 Bg4 11. exf6 Qxf6 12. Nd5 1-0